Catalog

Record Details

Catalog Search



Available copies

  • 1 of 2 copies available at LARL/NWRL Consortium.
  • 1 of 2 copies available at Lake Agassiz Regional Library. (Show preferred library)

Current holds

0 current holds with 2 total copies.

Show Only Available Copies
Location Call Number / Copy Notes Barcode Shelving Location Status Due Date
Breckenridge Public Library Y KEM (Text) 33500014368526 New Checked out 06/01/2026
Hawley Public Library Y KEM (Text) 33500014368534 New Available -

Record details

  • ISBN: 9781526681003
  • ISBN: 1526681005
  • ISBN: 9781547613458
  • ISBN: 1547613459
  • Physical Description: 405 pages : map ; 24 cm.
  • Publisher: New York ; Bloomsbury, 2026.

Content descriptions

Summary, etc.:
New York Times bestselling author Brigid ... Read More
In this fantasy novel set in the kingdoms of ... Read More
Subject: Courts and courtiers > Juvenile fiction.
Interpersonal relations > Juvenile fiction.
Magic > Juvenile fiction.
Imaginary places > Juvenile fiction.
Monarchy > Juvenile fiction.
Insurgency > Juvenile fiction.
Kings and rulers > Fiction.
Betrayal > Fiction.
War > Fiction.
Friendship > Fiction.
Courts and courtiers > Fiction.
Interpersonal relations > Fiction.
Magic > Fiction.
YOUNG ADULT FICTION / Fantasy / Epic.
YOUNG ADULT FICTION / Fantasy / Romance.
Courts and courtiers > Fiction.
Interpersonal relations > Fiction.
Magic > Fiction.
Genre: Young adult fiction.
Fantasy fiction.
Romance fiction.
LDR 04380cam a22008898i 4500
001483558
003LARL_NWRL_CONSORTIUM
00520260429154124.0
008250924t20262026nyub d 000 1 eng d
007ta
040 . ‡aUKMGB ‡beng ‡erda ‡cUKMGB ‡dBDX ‡dIG# ‡dMZI ‡dYDX ‡dOCLCO ‡dCHILD ‡dOCLCO ‡dTOH ‡dOCLCO ‡dRNL ‡dOCLCO ‡dVP@ ‡dIDW ‡dSDD ‡dHQD ‡dIMT ‡dOCLCO ‡dAUPTL ‡dOCO ‡dOCLCO
015 . ‡aGBC5E0244 ‡2bnb
0167 . ‡a300654004 ‡2Uk
019 . ‡a1504283703
020 . ‡a9781526681003 ‡q(paperback)
020 . ‡a1526681005 ‡q(paperback)
020 . ‡a9781547613458 ‡q(hardcover)
020 . ‡a1547613459 ‡q(hardcover)
0248 . ‡aCIPO000309856
035 . ‡a(OCoLC)1504233452 ‡z(OCoLC)1504283703
08204. ‡a[Fic] ‡223
1001 . ‡aKemmerer, Brigid, ‡eauthor. ‡1https://id.oclc.org/worldcat/entity/E39PBJbM99DkBFfyrHjYt8xYyd ‡1https://isni.org/isni/0000000373809030 ‡0(LARL_NWRL_CONSORTIUM)221194
24510. ‡aSparking fire out of fate / ‡cBrigid Kemmerer.
264 1. ‡aNew York ; ‡aLondon : ‡bBloomsbury, ‡c2026.
264 4. ‡c©2026
300 . ‡a405 pages : ‡bmap ; ‡c24 cm.
336 . ‡atext ‡btxt ‡2rdacontent
336 . ‡acartographic image ‡bcri ‡2rdacontent
337 . ‡aunmediated ‡bn ‡2rdamedia
338 . ‡avolume ‡bnc ‡2rdacarrier
4900 . ‡aForging silver into stars ; ‡v3
520 . ‡aNew York Times bestselling author Brigid Kemmerer's stunning conclusion to the exhilarating Forging Silver into Stars trilogy.
520 . ‡aIn this fantasy novel set in the kingdoms of Emberfall and Syhl Shallow, Callyn has formed a close alliance with Queen Lia Mara, united by a shared secret involving forbidden magic. When a plot threatens the queen’s life, Callyn must confront past betrayals and cooperate with former allies to uncover the danger. Meanwhile, Tycho and Jax attempt to rebuild their relationship while investigating unrest along the borders of Emberfall. Their mission reveals that a rebellious faction known as the Truthbringers has allied with powerful magical creatures in an effort to eliminate human magic. As their paths converge, Callyn, Tycho, and Jax must work together to confront the growing conflict and prevent a wider war that could endanger both their kingdoms and the magic they seek to protect.
650 0. ‡aCourts and courtiers ‡vJuvenile fiction.
650 0. ‡aInterpersonal relations ‡vJuvenile fiction. ‡0(LARL_NWRL_CONSORTIUM)165337
650 0. ‡aMagic ‡vJuvenile fiction. ‡0(LARL_NWRL_CONSORTIUM)165990
650 0. ‡aImaginary places ‡vJuvenile fiction.
650 0. ‡aMonarchy ‡vJuvenile fiction.
650 0. ‡aInsurgency ‡vJuvenile fiction.
650 0. ‡aKings and rulers ‡vFiction. ‡0(LARL_NWRL_CONSORTIUM)165843
650 0. ‡aBetrayal ‡vFiction. ‡0(LARL_NWRL_CONSORTIUM)163690
650 0. ‡aWar ‡vFiction. ‡0(LARL_NWRL_CONSORTIUM)176223
650 0. ‡aFriendship ‡vFiction. ‡0(LARL_NWRL_CONSORTIUM)164944
650 1. ‡aCourts and courtiers ‡vFiction. ‡0(LARL_NWRL_CONSORTIUM)164471
650 1. ‡aInterpersonal relations ‡vFiction. ‡0(LARL_NWRL_CONSORTIUM)165331
650 1. ‡aMagic ‡vFiction. ‡0(LARL_NWRL_CONSORTIUM)165984
650 7. ‡aYOUNG ADULT FICTION / Fantasy / Epic. ‡2bisacsh
650 7. ‡aYOUNG ADULT FICTION / Fantasy / Romance. ‡2bisacsh
650 7. ‡aCourts and courtiers ‡vFiction. ‡2sears ‡0(LARL_NWRL_CONSORTIUM)164471
650 7. ‡aInterpersonal relations ‡vFiction. ‡2sears ‡0(LARL_NWRL_CONSORTIUM)165331
650 7. ‡aMagic ‡vFiction. ‡2sears ‡0(LARL_NWRL_CONSORTIUM)165984
655 0. ‡aYoung adult fiction.
655 7. ‡aFantasy fiction. ‡2lcgft
655 7. ‡aRomance fiction. ‡2lcgft
905 . ‡uvanderl
901 . ‡a483558 ‡bAUTOGEN ‡c483558 ‡tbiblio ‡soclc

Additional Resources